|
|
|
|
| LEADER |
00000nab a2200000 a 4500 |
| 001 |
vtls000814580 |
| 003 |
SK-MaSNL |
| 005 |
20260318122259.0 |
| 008 |
160405c2002 xo 0 hun |
| 015 |
|
|
|a SNBRB2002/11-36529
|
| 035 |
|
|
|a CLN000166235
|
| 040 |
|
|
|a SNKBUCL
|b slo
|c SNKBUCL
|e AACR2
|
| 041 |
0 |
|
|a hun
|
| 044 |
|
|
|a xo
|c SK
|
| 080 |
|
|
|a 069.6.02(437.6-13):069.5:061.3
|2 1997
|
| 080 |
|
|
|a 069.5:061.3
|2 1997
|
| 100 |
1 |
|
|a Korpás, Árpád,
|d 1974-
|4 aut
|9 754487
|
| 245 |
1 |
0 |
|a A helyi kultúra kincsestárai
|b konferencia a dél-szlovákiai múzeumokról és gyűjteményekről ...
|c Korpás Árpád
|
| 300 |
|
|
|b Fotogr.
|
| 648 |
|
7 |
|a 19.10.2002
|2 snkbucl
|9 1512792
|
| 650 |
0 |
7 |
|a múzeá
|2 snkbucl
|9 4119
|
| 650 |
0 |
7 |
|a múzejníctvo
|2 snkbucl
|9 20819
|
| 650 |
0 |
7 |
|a múzejné zbierky
|2 snkbucl
|9 69988
|
| 650 |
0 |
7 |
|a konferencie
|2 snkbucl
|9 19221
|
| 651 |
|
7 |
|a 202
|2 snkbucl
|9 309878
|
| 651 |
|
7 |
|a Slovensko južné
|2 snkbucl
|9 161138
|
| 655 |
|
7 |
|a články z novín a časopisov
|2 snkbucl
|9 267496
|
| 773 |
0 |
|
|t Új szó
|g Roč. 55, č. 246 (22.10.2002), s. 8
|
| 850 |
|
|
|a Slovenská národná knižnica v Martine
|
| 852 |
|
|
|a SNK
|b KIS3GCP
|
| 958 |
|
|
|a HU
|
| 958 |
|
|
|a SK
|
| 958 |
|
|
|a RBX
|
| 999 |
|
|
|c 3027421
|d 3029351
|